• 首页
  • 本馆介绍
  • 公告通知
  • 最新文献
  • 馆藏检索
  • 电子资源
  • 读者导购
  • 参考咨询
  • 我的图书馆
  • 登录
  • 详细信息显示
  • 放入我的书架
  • 预约/预借图书
  • 作者相关作品
  • 分类相关作品
  • 丛书相关作品
  • 出版社相关作品

书目信息

  • 表格格式
  • 工作单格式
  • 卡片格式
题名:
节奏训练教程
    
 
作者: 张浩 , 张燕 , 李金华 编
分册: 上  
出版信息: 上海   上海音乐出版社  2004
页数: 180页
开本: 26cm
丛书名:
单 册:
中图分类: J613.7
科图分类:
主题词: 节奏学--教材
电子资源:
ISBN: 7-80667-658-9
000 01228nam0 2200361 450
000 01191nam0 2200349 450
000 01167nam0 2200337 450
000 01149nam0 2200337 450
000 01095nam0 2200313 450
000 01091nam0 2200325 450
000 01037nam0 2200301 450
000 01055nam0 2200289 450
000 01018nam0 2200277 45
001 TS2006037739
005 20061211091432.17
010    @a7-80667-658-9@dCNY23.00
100    @a20060829d2004 em y0chiy0110 ea
101 0  @achi
102    @aCN@b310000
105    @ag z 000yy
200 1  @a节奏训练教程@AJie Zou Xun Lian Jiao Cheng@h上@HShang@f张浩,张燕,李金华编@Fzhang hao,zhang yan,li jin hua bian
210    @a上海@c上海音乐出版社@d2004
215    @a180页@d26cm
330    @a本书分上、下两册。上册为基础教程,涉及各种基本节奏组合及简单的休止符,适用于初级阶段的教学及专业院校考前训练。
606 0  @a节奏学@x教材
690    @aJ613.7@v4
701  0 @a张浩@AZhang Hao@4编
701  0 @a张燕@AZhang Yan@4编
701  0 @a李金华@ALi Jin Hua@4编
801  0 @aCN@b中图数据@c20061211
905    @a10447@dJ613.7@e385:1
    
    节奏训练教程.上/张浩,张燕,李金华编.-上海:上海音乐出版社,2004
    180页;26cm
    
    
    ISBN 7-80667-658-9:CNY23.00
    本书分上、下两册。上册为基础教程,涉及各种基本节奏组合及简单的休止符,适用于初级阶段的教学及专业院校考前训练。
●
相关链接 在E读中查询图书 在五车中查询图书 在当当中查询图书 在豆瓣中查询图书


正题名:节奏训练教程     索取号:J613.7/385:1         预约/预借

序号 登录号 条形码 馆藏地/架位号 状态 备注
1 0600058   206000584   第一样本阅览室/ [索取号:J613.7/385:1] 在馆    
2 0600059   206000593   第一借阅区/ [索取号:J613.7/385:1] 在馆    
3 0600064   206000646   第一借阅区/ [索取号:J613.7/385:1] 在馆    
4 0600065   206000655   第一借阅区/ [索取号:J613.7/385:1] 在馆    
5 0600066   206000664   第一借阅区/ [索取号:J613.7/385:1] 在馆    
唐山师范学院图书馆 欢迎您!
大连网信软件有限公司© 版权所有